Statistics for Famous Actresses: Picture Quiz

Click here to take the quiz!

General Stats

  • This quiz has been taken 165 times
  • The average score is 11 of 16

Answer Stats

Answer% Correct
Jennifer Aniston
90%
Julia Roberts
87%
Emma Stone
85%
Meryl Streep
83%
Anne Hathaway
81%
Scarlett Johansson
81%
Sandra Bullock
80%
Nicole Kidman
69%
Audrey Hepburn
68%
Helena Bonham Carter
66%
Reese Witherspoon
66%
Emily Blunt
55%
Emma Thompson
46%
Jodie Foster
45%
Jennifer Garner
44%
Sigourney Weaver
42%

Score Distribution

Percentile by Number Answered

Percent of People with Each Score

Your Score History

You have not taken this quiz